000 00661nam a2200241 a 4500
001 nice12345678
003 IN_TiNIC
005 20260116011441.0
008 050524s1927 lona grp 000 0 eng
020 _a
_c100
082 0 0 _a297.1
_bKAM
100 _aKamal-Ud-Din, Khwaja
245 _aMessage of Islam
_b a Lecture Given to the European Community in Various Plac
260 _aLondon
_bTrust for the Cncouragement
_c1927
300 _a48p
500 _aincludes index and biblioraphy
505 2 _aacc no 1649 is archives
650 _aIslam-Meccan Trade
700 1 _aKamal-Ud-Din, Khwaja
902 _bSRS
942 _cBK
999 _c1651
_d1651